书目信息 |
| 题名: |
口语表达的艺术和技巧
|
|
| 作者: | 欧阳周 编著 | |
| 分册: | ||
| 出版信息: | 湖南 中南工业大学出版社 1998.11 |
|
| 页数: | 360页 | |
| 开本: | 32开 | |
| 丛书名: | ||
| 单 册: | ||
| 中图分类: | H019 | |
| 科图分类: | ||
| 主题词: | 语音学 | |
| 电子资源: | ||
| ISBN: | 7-81061-147-X | |
| 000 | 00565nam0 2200193 45 | |
| 001 | 0007200009 | |
| 005 | 20000720001842.9 | |
| 010 | @a7-81061-147-X@d12.50元 | |
| 100 | @a20000720d1998 km y0chiy0120 ea | |
| 101 | 0 | @achi |
| 105 | @a z 000yy | |
| 200 | 1 | @a口语表达的艺术和技巧@AKou Yu Biao Da De Yi Shu He Ji Qiao@f欧阳周编著@FOu Yang Zhou Bian Zhu |
| 210 | @a湖南@c中南工业大学出版社@d1998.11 | |
| 215 | @a360页@d32开 | |
| 606 | 0 | @a语音学 |
| 690 | @aH019@v3 | |
| 701 | 0 | @a欧阳周@4编著 |
| 801 | @aCN@bPftUser@c20000720 | |
| 905 | @b75643-652@dH019@eO981/1@f10 | |
| 口语表达的艺术和技巧/欧阳周编著.-湖南:中南工业大学出版社,1998.11 |
| 360页;32开 |
| ISBN 7-81061-147-X:12.50元 |
| ● |
| 相关链接 |
|
|
|
正题名:口语表达的艺术和技巧
索取号:H019/O981/1
 
预约/预借
| 序号 | 登录号 | 条形码 | 馆藏地/架位号 | 状态 | 备注 |
| 1 | 75643 | 200756431 | 语言库209/209语言库 63排3列6层/ [索取号:H019/O981/1] | 在馆 | |
| 2 | 75644 | 200756440 | 语言库209/209语言库 63排3列6层/ [索取号:H019/O981/1] | 在馆 | |
| 3 | 75645 | 200756459 | 语言库209/400B社科库 7排4列2层/ [索取号:H019/O981/1] | 在馆 | |
| 4 | 75646 | 200756468 | 语言库209/209语言库 63排3列6层/ [索取号:H019/O981/1] | 在馆 | |
| 5 | 75647 | 200756477 | 语言库209/400B社科库 6排2列6层/ [索取号:H019/O981/1] | 在馆 | |
| 6 | 75648 | 200756486 | 语言库209/400B社科库 7排4列6层/ [索取号:H019/O981/1] | 在馆 | |
| 7 | 75649 | 200756495 | 语言库209/400B社科库 6排2列6层/ [索取号:H019/O981/1] | 在馆 | |
| 8 | 75650 | 200756501 | 语言库209/400B社科库 6排2列6层/ [索取号:H019/O981/1] | 在馆 | |
| 9 | 75651 | 200756510 | 语言库209/209语言库 63排3列6层/ [索取号:H019/O981/1] | 在馆 | |
| 10 | 75652 | 200756529 | 语言库209/209语言库 63排3列6层/ [索取号:H019/O981/1] | 在馆 |